| 000 | 00364nam a2200145Ia 4500 | ||
|---|---|---|---|
| 008 | 230312s9999||||xx |||||||||||||| ||und|| | ||
| 020 | _a81-7758-166-4 | ||
| 082 | _bBHA-S | ||
| 100 | _aBhattacharya;Pallab | ||
| 245 | 0 | _aSemiconductor Optoelectronic Devices | |
| 260 |
_bPerason _aindia _c2007 |
||
| 300 | _a613 | ||
| 650 |
_aEngineering _vMechanics |
||
| 942 | _cBK | ||
| 999 |
_c12293 _d12293 |
||